L'esperance du royaume

Guardat en:
Dades bibliogràfiques
Autors principals: Lacan, M. F (Autor), George, A (Autor), Boismard, M. E (Autor), Dupont, J (Autor), Cambier, J (Autor)
Altres autors: Mollat, Donatien (autor)
Format: Llibre
Idioma:francès
Publicat: París MAME 1966
Edició:1a. ed
Col·lecció:Paroles de Vie
Matèries:
Etiquetes: Afegir etiqueta
Sense etiquetes, Sigues el primer a etiquetar aquest registre!

MARC

LEADER 00000cam a2200000 a 4500
001 UCE8075
003 CL-VaPUC
008 150728e19660000fr |||||||||||||||||fre|d
082 0 4 |a 231.044  |b LAC  |2 21 
100 |a Lacan, M. F  |e author  |9 580763 
700 0 |a George, A  |e author  |9 580764 
700 |a Mollat, Donatien  |e autor  |9 483892 
700 0 |a Boismard, M. E  |e author  |9 580766 
700 0 |a Dupont, J  |e author  |9 580767 
700 0 |a Cambier, J  |e author  |9 580768 
245 1 2 |a L'esperance du royaume 
250 |a 1a. ed 
300 |a 205 p 
942 |c BK 
945 |d 20150728 02:04:00  |a dcastane 
260 |a París  |b MAME  |c 1966 
650 0 |a Reino de Dios   |9 327654 
650 0 |a Vida eterna  |9 540336 
650 0 |a Existencia de Dios   |9 266954 
583 |a last modification  |c 20150728 02:04:00  |k Rodrigo Vera 
490 0 |a Paroles de Vie 
999 |c 360025  |d 360023 
952 |0 0  |1 0  |3 erb  |4 0  |6 231_044000000000000_LAC_1966  |7 0  |8 A  |9 469651  |a BIBTEO  |b BIBTEO  |e Casale Rolle, Carlos Ignacio, -2014  |i 5185467  |o 231.044 LAC 1966  |p 5185467  |r 2025-01-17  |w 2019-11-23  |y BK  |z Catalogado en:20150728  |k ICR